| 000 | 01584nam a2200469 i 4500 | ||
|---|---|---|---|
| 001 | 569 | ||
| 003 | KOSZ 005 | ||
| 005 | 20200508090602.0 | ||
| 008 | 200507s1976 pl a f 000 0 pol | ||
| 015 | _aUWD 1976/10693 | ||
| 035 | _a991023734439705066 | ||
| 035 | _a(PL-WaBN)b16501445-48omnis_nlop | ||
| 035 | _ab16501445 | ||
| 035 | _a(OCoLC)750073792 | ||
| 035 | _a(PL)b0000001650144 | ||
| 035 | _a(EXLNZ-48OMNIS_NETWORK)9910462652805606 | ||
| 040 |
_aWA N _cWA N _dKOSZ 005/RW |
||
| 046 | _k1976 | ||
| 080 | _a624.01/.07 | ||
| 080 | _a(075.8) | ||
| 100 | 1 |
_aGrabiec, Kalikst _d(1920-2002) _eAutor |
|
| 245 | 1 | 0 |
_aKonstrukcje cienkościenne / _cKalikst Grabiec. |
| 260 |
_aWarszawa ; _aPoznań : _bPaństwowe Wydawnictwo Naukowe, _c1976. |
||
| 300 |
_a281 stron : _bilustracje, tablice, wykresy ; _c24 cm. |
||
| 336 |
_aTekst _btxt _2rdacontent |
||
| 337 |
_aBez urządzenia pośredniczącego _bn _2rdamedia |
||
| 338 |
_aWolumin _bnc _2rdacarrier |
||
| 380 | _aKsiążki | ||
| 380 | _aPublikacje dydaktyczne | ||
| 385 |
_mPoziom nauczania _aSzkoły wyższe |
||
| 388 | _a1901-2000 | ||
| 388 | _a1945-1989 | ||
| 504 | _aBibliografia na stronach [279]-281. | ||
| 521 | 8 | _aSkrypt dla politechnik. | |
| 650 | 7 |
_aKonstrukcje budowlane _2DBN |
|
| 655 | 7 |
_aPodręczniki akademickie _2DBN |
|
| 658 | _aArchitektura i budownictwo | ||
| 710 | 2 |
_aPaństwowe Wydawnictwo Naukowe _4pbl |
|
| 856 |
_uhttp://koha.tu.koszalin.pl/cgi-bin/koha/opac-detail.pl?biblionumber=569 _yKatalog online BPK |
||
| 942 |
_2UKD _cKS |
||
| 999 |
_c569 _d569 |
||